Darts Quiz 2024 - Statistics

General Stats
  • This quiz has been taken 2,199 times
  • The average score is 9 of 15
Answer Stats
Hint Answer % Correct
how old was Luke Littler when he came 2nd in the world championships 16
99%
what is the maximum score from 3 darts 180
97%
who has won the most competitions Phil Taylor
91%
what number is darts played from 501
83%
what is this venues nickname The Ally Pally
75%
who growls 'one hundred and eighty' Russ Bray
72%
who has thrown the most 9 darters Michael van Gerwen
71%
who has had the most 9 darters thrown against them James Wade
59%
what is Michael van Gerwen's walkout song Seven Nation Army
54%
where is the world championships held Alexandra Palace
53%
what is double 1 called mad house
52%
what other sport s also held at this venue snooker
42%
what is Gary Anderson's walkout song Jump Around
34%
who is known as the voice of darts Sid Waddell
16%
who is 3 bullseye shots named after Alan Evans
4%
No matching quizzes found
Score Distribution
Percent of People with Each Score
Percentile by Number Answered
Your Score History
You have not taken this quiz